| 000 | 00585nam a2200229Ia 4500 | ||
|---|---|---|---|
| 003 | OSt | ||
| 005 | 20140319094839.0 | ||
| 008 | 140130s9999 xx 000 0 und d | ||
| 020 | _a0439095077 | ||
| 050 |
_aPZ 7 _b.B78046Su 1999 |
||
| 100 | _aBrisson, Pat. | ||
| 245 |
_cPat Brisson. _aThe Summer My Father Was Ten / |
||
| 260 |
_bScholastic Inc., _cc1999. _aUSA : |
||
| 300 |
_a36 p. : _bcol. ill. ; _c30 cm. |
||
| 440 | _v1 | ||
| 521 | _aG10 | ||
| 526 | _c1040 | ||
| 650 |
_aFathers and sons _xFiction. |
||
| 650 |
_aHonesty _xFiction. |
||
| 942 |
_cBK _2lcc |
||
| 999 |
_c41397 _d41397 |
||